[Event "TCh-TUR 2011"]
[Site "Konya TUR"]
[Date "2011.07.08"]
[Round "12"]
[White "Gvetadze, Sopio"]
[Black "Fierro Baquero, Martha L."]
[Result "1/2-1/2"]
[WhiteTitle "IM"]
[BlackTitle "IM"]
[WhiteElo "2330"]
[BlackElo "2388"]
[WhiteTeam "Bursa Tophane Meslek Lisesi S.K."]
[BlackTeam "Istanbul Teknik Universitesi S.K."]
[WhiteFideId "13601440"]
[BlackFideId "3600270"]
[EventDate "2011.06.28"]

1. e4 c5 2. Nf3 Nc6 3. d4 cxd4 4. Nxd4 g6 5. c4 Nf6 6. Nc3 Nxd4 7. Qxd4 d6 8.
Be3 Bg7 9. f3 O-O 10. Qd2 a5 11. Na4 Nd7 12. Be2 Qc7 13. Rc1 Nc5 14. Nc3 Be6 15.
b3 Qb6 16. Nd5 Bxd5 17. cxd5 Rfc8 18. Rc4 Qd8 19. O-O b5 20. Rc2 b4 21. Bxc5
Rxc5 22. Rxc5 dxc5 23. Qc2 Bd4+ 24. Kh1 Qd7 25. Bc4 a4 26. f4 axb3 27. axb3 Qg4
28. Be2 Qd7 29. e5 Kg7 30. Bc4 Ra3 31. Qe4 Qa7 32. Qf3 Ra1 33. Rxa1 Qxa1+ 34.
Qf1 Qxf1+ 1/2-1/2

[Event "TCh-TUR 2011"]
[Site "Konya TUR"]
[Date "2011.07.08"]
[Round "12"]
[White "Yilmaz, Mustafa"]
[Black "Donmez, Batuhan"]
[Result "1-0"]
[WhiteTitle "IM"]
[WhiteElo "2489"]
[BlackElo "1849"]
[WhiteTeam "Istanbul Teknik Universitesi S.K."]
[BlackTeam "Bursa Tophane Meslek Lisesi S.K."]
[WhiteFideId "6302718"]
[BlackFideId "6326277"]
[EventDate "2011.06.28"]

1. e4 c5 2. Nf3 d6 3. d4 cxd4 4. Nxd4 Nf6 5. Nc3 a6 6. h3 e6 7. g4 Be7 8. Bg2
Qc7 9. O-O Nc6 10. g5 Nd7 11. Nde2 b6 12. Ng3 Bb7 13. Nce2 O-O-O 14. Nf4 Nc5 15.
c3 Ne5 16. b4 Ncd7 17. a4 Nc4 18. Qe2 Kb8 19. Rd1 Rc8 20. Ra2 Rhd8 21. Rc2 Nf8
22. Nfh5 g6 23. Nf6 Nd7 24. Ng4 Nde5 25. Nh6 Bf8 26. f4 Bxh6 27. gxh6 Nd7 28.
Be3 Nxe3 29. Qxe3 Qc6 30. Ra1 Qc4 31. a5 b5 32. Bf1 Qb3 33. Rcc1 d5 34. Rab1 Qa3
35. Bg2 Qa2 36. Ra1 Qc4 37. e5 Nf8 38. Ne2 Rc7 39. Nd4 Rcc8 40. Bf1 Qc7 41. Qf2
Qe7 42. Qg3 Nd7 43. Ra2 Rc7 44. Re2 Rcc8 45. Re3 Rg8 46. Be2 Rce8 47. Rf1 Kc7
48. Qg5 Nb8 49. Nf3 Nd7 50. Bd3 Kb8 51. Kf2 Kc7 52. Ke1 Bc8 53. Kd2 Bb7 54. Rg1
Bc8 55. h4 Nf8 56. Re2 Nd7 57. Ree1 Bb7 58. Re3 Bc8 59. Rg3 Bb7 60. Qxe7 Rxe7
61. f5 exf5 62. Bxf5 Rge8 63. Bxd7 Kxd7 64. Ng5 Rxe5 65. Rxe5 Rxe5 66. Nxh7 Ke7
67. Ng5 Kf6 68. h7 Re8 69. Rf3+ Ke5 70. Re3+ 1-0

[Event "TCh-TUR 2011"]
[Site "Konya TUR"]
[Date "2011.07.08"]
[Round "12"]
[White "Komut, Burak"]
[Black "Asikuzun, Berkay"]
[Result "1-0"]
[WhiteElo "1980"]
[BlackElo "1842"]
[WhiteTeam "Bursa Tophane Meslek Lisesi S.K."]
[BlackTeam "Istanbul Teknik Universitesi S.K."]
[WhiteFideId "6309984"]
[BlackFideId "6309364"]
[EventDate "2011.06.28"]

1. d4 d5 2. c4 e6 3. Nc3 Nf6 4. Bg5 Be7 5. cxd5 exd5 6. Bc1 Bf8 7. Bg5 Be7 8. e3
c6 9. Qc2 Nbd7 10. Bd3 O-O 11. Nf3 Re8 12. O-O Nf8 13. h3 g6 14. Rab1 Ne6 15.
Bh4 Ng7 16. b4 Nf5 17. Bg5 Nd6 18. b5 Nd7 19. Bxe7 Qxe7 20. bxc6 bxc6 21. Na4
Nb8 22. Ne5 Qc7 23. Rfc1 Bb7 24. Nc5 Bc8 25. Na4 Bb7 26. Qb3 Re7 27. Nc5 Bc8 28.
Qa4 Re8 29. Rc2 f6 30. Nf3 Ne4 31. Bxe4 dxe4 32. Nd2 f5 33. Nc4 Nd7 34. Nxd7
Bxd7 35. Ne5 Re6 36. Rc5 Rc8 37. Qa6 Be8 1-0

[Event "TCh-TUR 2011"]
[Site "Konya TUR"]
[Date "2011.07.08"]
[Round "12"]
[White "Ozturk, Hilal"]
[Black "Sanal, Suna"]
[Result "0-1"]
[WhiteElo "1765"]
[BlackElo "1685"]
[WhiteTeam "Istanbul Teknik Universitesi S.K."]
[BlackTeam "Bursa Tophane Meslek Lisesi S.K."]
[WhiteFideId "6315330"]
[BlackFideId "6315380"]
[EventDate "2011.06.28"]

1. e4 c5 2. c3 d5 3. exd5 Qxd5 4. d4 Nf6 5. Nf3 Bg4 6. Be2 e6 7. h3 Bh5 8. O-O
Nc6 9. Be3 cxd4 10. cxd4 Be7 11. Nc3 Qd6 12. Qb3 O-O 13. Rfd1 Rfd8 14. a3 Nd5
15. Nb5 Qb8 16. Rac1 a6 17. Nc3 Na5 18. Qa2 Nf4 19. Bxf4 Qxf4 20. d5 Bxf3 21.
Bxf3 exd5 22. Nxd5 Qg5 23. Re1 Bf6 24. Nb6 Rab8 25. Rc7 Kh8 26. Qxf7 Qd2 27. Qe6
Bxb2 28. Nc8 Qf4 29. Rf7 Qa4 30. Rc7 Qf4 31. Qe7 Rbxc8 32. Rxc8 Rxc8 33. Bxb7
Rf8 34. Bf3 Qf6 35. Qc5 Bc3 36. Rd1 0-1

[Event "TCh-TUR 2011"]
[Site "Konya TUR"]
[Date "2011.07.08"]
[Round "12"]
[White "Yolal, Sena Gokcen"]
[Black "Ulusoy, Nisan"]
[Result "0-1"]
[WhiteElo "1653"]
[BlackElo "1585"]
[WhiteTeam "Istanbul Teknik Universitesi S.K."]
[BlackTeam "Bursa Tophane Meslek Lisesi S.K."]
[WhiteFideId "6337031"]
[BlackFideId "6322247"]
[EventDate "2011.06.28"]

1. e4 c5 2. Nf3 d6 3. d4 cxd4 4. Nxd4 Nf6 5. Nc3 g6 6. Be3 Bg7 7. f3 O-O 8. Qd2
Nc6 9. Bc4 Bd7 10. h4 Na5 11. Be2 Rc8 12. O-O-O Nc4 13. Bxc4 Rxc4 14. Nde2 Qa5
15. Bh6 Rfc8 16. Bxg7 Kxg7 17. h5 b5 18. hxg6 fxg6 19. Qh6+ Kf7 20. e5 dxe5 21.
Rxd7 b4 22. Rxe7+ Kxe7 23. Qg7+ Ke6 24. b3 R4c7 0-1

[Event "TCh-TUR 2011"]
[Site "Konya TUR"]
[Date "2011.07.08"]
[Round "12"]
[White "Esen, Baris"]
[Black "Sanikidze, Tornike"]
[Result "1/2-1/2"]
[WhiteTitle "GM"]
[BlackTitle "GM"]
[WhiteElo "2553"]
[BlackElo "2524"]
[WhiteTeam "Adana Truva Satranc S.K."]
[BlackTeam "Yesilkoy Spor Kulubu"]
[WhiteFideId "6302114"]
[BlackFideId "13602608"]
[EventDate "2011.06.28"]

1. d4 Nf6 2. c4 g6 3. Nf3 Bg7 4. g3 O-O 5. Bg2 c6 6. O-O d5 7. cxd5 cxd5 8. Ne5
Nbd7 9. Nc3 e6 10. Nd3 Nb8 11. e3 Nc6 1/2-1/2

[Event "TCh-TUR 2011"]
[Site "Konya TUR"]
[Date "2011.07.08"]
[Round "12"]
[White "Dogan, Ali Ekber"]
[Black "Haznedaroglu, Kivanc"]
[Result "0-1"]
[BlackTitle "GM"]
[WhiteElo "2130"]
[BlackElo "2444"]
[WhiteTeam "Yesilkoy Spor Kulubu"]
[BlackTeam "Adana Truva Satranc S.K."]
[WhiteFideId "6304540"]
[BlackFideId "6300634"]
[EventDate "2011.06.28"]

1. c4 e6 2. g3 Nf6 3. d4 d5 4. Nf3 dxc4 5. Bg2 a6 6. Ne5 c5 7. e3 cxd4 8. exd4
Bb4+ 9. Nc3 Nd5 10. O-O O-O 11. Ne4 b5 12. Qh5 f6 13. Nf3 Ra7 14. a3 Be7 15. Re1
Nc6 16. Nc3 g6 17. Qh4 Rf7 18. Bh3 Nxc3 19. bxc3 Qd5 20. Bg2 Bb7 21. Qh3 Qf5 22.
Qxf5 exf5 23. Be3 Ra8 24. Nd2 Rd8 25. Reb1 Ba8 26. a4 b4 27. Nxc4 bxc3 28. Nb6
Bb7 29. Nc4 Ba8 30. Nb6 c2 31. Rc1 Bb7 32. Bd5 Nxd4 33. Bxb7 Ne2+ 34. Kg2 Nxc1
35. Bd5 Rxd5 36. Nxd5 Nb3 37. Re1 Ba3 38. Re2 c1=Q 39. Bxc1 Bxc1 40. Re6 Nc5 41.
Rc6 Ba3 42. Nxf6+ Rxf6 43. Rxf6 a5 44. Kf3 Nxa4 45. Ra6 Bb4 46. Kf4 Nc5 47. Ra7
a4 48. Kg5 Ne4+ 49. Kf4 Bd6+ 50. Kf3 a3 51. Ke2 Bc5 52. Ra8+ Kf7 53. f3 Ng5 54.
Ra5 Be7 55. h4 Ne6 56. Kd3 h5 57. Kc4 f4 58. gxf4 Nxf4 59. Kd4 Ng2 60. Ke4 Nxh4
61. f4 Nf5 62. Kf3 h4 63. Kg4 Nd4 64. Ra4 Ne2 65. Ra5 Nc1 66. f5 g5 67. Ra6 a2 0-1

[Event "TCh-TUR 2011"]
[Site "Konya TUR"]
[Date "2011.07.08"]
[Round "12"]
[White "Brunello, Marina"]
[Black "Dzagnidze, Nana"]
[Result "0-1"]
[WhiteTitle "WIM"]
[BlackTitle "GM"]
[WhiteElo "2177"]
[BlackElo "2557"]
[WhiteTeam "Yesilkoy Spor Kulubu"]
[BlackTeam "Adana Truva Satranc S.K."]
[WhiteFideId "822590"]
[BlackFideId "13601903"]
[EventDate "2011.06.28"]

1. e4 e5 2. Nf3 Nc6 3. d4 exd4 4. Nxd4 Bc5 5. Be3 Qf6 6. c3 Nge7 7. Bc4 Ne5 8.
Be2 Qg6 9. O-O d6 10. f4 Qxe4 11. Bf2 Bxd4 12. cxd4 N5g6 13. g3 Bh3 14. Bf3 Qf5
15. Re1 O-O 16. d5 h5 17. Qb3 Bg4 18. Bg2 c5 19. dxc6 bxc6 20. Nc3 d5 21. Ne2
Qd7 22. Rac1 h4 23. Qc3 a5 24. Nd4 Rfc8 25. Nb3 Qd8 26. Nc5 Nf5 27. Nd3 Rab8 28.
a3 Nd6 29. a4 Bf5 30. Nc5 Rb4 31. Bd4 f6 32. b3 Nf8 33. Na6 Rb7 34. Nc5 Rf7 35.
Bf3 Nb7 36. g4 Nxc5 37. Bxc5 Bd7 38. f5 Nh7 39. h3 Be8 40. Re3 Rd7 41. Rce1 Rf7
42. Rc1 Rd7 43. Rce1 Bf7 44. Qd4 Rb8 45. Bg2 Ng5 46. Rd1 Rbb7 47. Red3 Qb8 48.
Qc3 d4 49. Qxa5 Rxb3 50. Qe1 Rd8 51. Qf2 Rxd3 52. Rxd3 Qb1+ 53. Qf1 Qc2 54. Bb6
Rb8 55. Rxd4 Rxb6 56. Rd8+ Kh7 0-1

[Event "TCh-TUR 2011"]
[Site "Konya TUR"]
[Date "2011.07.08"]
[Round "12"]
[White "Vovk, Andrey"]
[Black "Ergene, Mertcan"]
[Result "1-0"]
[WhiteTitle "GM"]
[WhiteElo "2545"]
[BlackElo "1731"]
[WhiteTeam "Adana Truva Satranc S.K."]
[BlackTeam "Yesilkoy Spor Kulubu"]
[WhiteFideId "14114470"]
[BlackFideId "6342345"]
[EventDate "2011.06.28"]

1. e4 e6 2. d4 d5 3. Nd2 Nf6 4. e5 Nfd7 5. c3 c5 6. Bd3 Nc6 7. Ne2 Qb6 8. Nf3
Be7 9. O-O cxd4 10. cxd4 f6 11. Nf4 Nd8 12. Qc2 f5 13. Bxf5 g5 14. Bxh7 gxf4 15.
Qg6+ Nf7 16. Bg8 Rxg8 17. Qxg8+ Nf8 18. Bxf4 Qxb2 19. Rfc1 Bd7 20. Rab1 Qxa2 21.
Rxb7 Qa4 22. h4 Rc8 23. Rxc8+ Bxc8 24. Rc7 Bd7 25. h5 a5 26. h6 Qd1+ 27. Kh2 a4
28. Rxd7 Kxd7 29. Qxf7 a3 30. Bg5 a2 31. Qxe7+ Kc6 32. Qc5+ Kb7 33. Qb5+ Kc7 34.
Qa5+ 1-0

[Event "TCh-TUR 2011"]
[Site "Konya TUR"]
[Date "2011.07.08"]
[Round "12"]
[White "Sop, Selen"]
[Black "Alev, Gonulden Seda"]
[Result "1/2-1/2"]
[WhiteTitle "WCM"]
[WhiteElo "1995"]
[BlackElo "1605"]
[WhiteTeam "Adana Truva Satranc S.K."]
[BlackTeam "Yesilkoy Spor Kulubu"]
[WhiteFideId "6300278"]
[BlackFideId "6301428"]
[EventDate "2011.06.28"]

1. e4 c5 2. Nf3 d6 3. d4 cxd4 4. Nxd4 Nf6 5. f3 e5 6. Nb3 Be6 7. Bg5 Be7 8. Nc3
a6 9. Bxf6 Bxf6 10. Nd5 Bxd5 11. Qxd5 Nc6 12. O-O-O Be7 13. Kb1 Qc7 14. Qd2 O-O
15. h4 a5 16. a4 Rac8 17. g4 Qb6 18. Bb5 Nb4 19. c3 Na6 20. g5 Nc7 21. Bc4 Ne6
22. Bd5 Nf4 23. Rdg1 Rc7 24. h5 Qa6 25. g6 Nxd5 26. Qxd5 Qc4 27. gxh7+ Kxh7 28.
Qxc4 Rxc4 29. Nxa5 Rxa4 30. b4 b5 31. Kb2 f5 32. Rf1 Bd8 33. Nb3 Bc7 34. Nd2 f4
35. Ra1 Rfa8 36. Rxa4 Rxa4 37. Kb3 Ra8 38. c4 bxc4+ 39. Nxc4 Rd8 40. Rd1 Kh6 41.
b5 Kxh5 42. Kb4 g5 43. b6 Bb8 44. Nxe5 Kh4 45. Nc6 Re8 46. Nxb8 Rxb8 47. Kb5 Kg3
48. Rd3 g4 49. fxg4+ Kxg4 50. Rxd6 Rf8 51. b7 f3 52. Rg6+ Kh3 53. Rf6 Rxf6 54.
b8=Q Kg2 55. Qg8+ Kf1 56. e5 Rf5 57. Qg3 Rxe5+ 58. Kc4 Re3 59. Kd4 Ra3 60. Ke4
Ke2 1/2-1/2

[Event "TCh-TUR 2011"]
[Site "Konya TUR"]
[Date "2011.07.09"]
[Round "13"]
[White "Sasmazel, Burcu"]
[Black "Sop, Selen"]
[Result "1/2-1/2"]
[BlackTitle "WCM"]
[WhiteElo "1911"]
[BlackElo "1995"]
[WhiteTeam "Gazi Universitesi S.K."]
[BlackTeam "Adana Truva Satranc S.K."]
[WhiteFideId "6319106"]
[BlackFideId "6300278"]
[EventDate "2011.06.28"]

1. e4 c5 2. Nc3 d6 3. g3 Nc6 4. Bg2 g6 5. d3 Bg7 6. f4 e6 7. Nf3 Nge7 8. O-O O-O
9. Be3 Rb8 10. a4 b6 11. Bf2 Qd7 12. d4 Ba6 13. Re1 cxd4 14. Nxd4 Na5 15. Rb1
Rbc8 16. Qf3 Rfd8 17. Bh3 Bb7 18. Qd3 d5 19. e5 Nf5 20. Bxf5 gxf5 21. Ncb5 Ba6
22. Qf3 Nc6 23. c3 Nxd4 24. Nxd4 Rc7 25. h3 Qxa4 26. Ra1 Qc4 27. b3 Qd3 28. Re3
Qd2 29. Rxa6 Rdc8 30. Rd3 Qc1+ 31. Qd1 Rxc3 32. Qxc1 Rxc1+ 33. Kg2 Bf8 34. Rxa7
Rb1 35. Ra2 Bc5 36. Rc2 Ra8 37. Nb5 Bxf2 38. Rxf2 Raa1 39. Kf3 Ra5 40. Nd4 Rh1
41. h4 Rb1 42. Nc2 Ra2 43. Nd4 Ra3 44. Rfd2 Rf1+ 45. Ke2 Rh1 46. Nf3 Rb1 47. Nd4
Rh1 48. Ke3 Rg1 49. Ne2 Rb1 50. Kd4 Kf8 51. Rc2 Rbxb3 52. Rxb3 Rxb3 53. Rc8+ Kg7
54. Rc7 Rb2 55. Ke3 Rb3+ 56. Kf2 Rb2 57. Rb7 Kf8 58. Ke3 Rb3+ 59. Kd4 Rb2 60.
Ke3 1/2-1/2

[Event "TCh-TUR 2011"]
[Site "Konya TUR"]
[Date "2011.07.09"]
[Round "13"]
[White "Yuksel, Atilla Koksal"]
[Black "Dastan, Batuhan"]
[Result "0-1"]
[WhiteTitle "CM"]
[WhiteElo "2035"]
[BlackElo "2191"]
[WhiteTeam "Adana Truva Satranc S.K."]
[BlackTeam "Gazi Universitesi S.K."]
[WhiteFideId "6306667"]
[BlackFideId "6300014"]
[EventDate "2011.06.28"]

1. e4 c5 2. Nf3 d6 3. d4 cxd4 4. Nxd4 Nf6 5. Nc3 g6 6. Be3 Bg7 7. f3 O-O 8. Qd2
Nc6 9. Bc4 Bd7 10. O-O-O Rc8 11. Bb3 Ne5 12. Kb1 Re8 13. h4 h5 14. g4 hxg4 15.
h5 Nxh5 16. Bh6 e6 17. fxg4 Bxh6 18. Qxh6 Nxg4 19. Qd2 Nhf6 20. Rdg1 Kg7 21. Nf3
Qc7 22. Nh2 Ne5 23. Rf1 Rh8 24. Rhg1 Bc6 25. Qf4 Qe7 26. Nf3 Nxf3 27. Rxf3 Nd7
28. Rff1 Ne5 29. Rg5 Rh3 30. Rxe5 dxe5 31. Qxe5+ f6 32. Qxe6 Qxe6 33. Bxe6 Rxc3
34. bxc3 Rd8 35. Re1 Re8 36. Bh3 Rxe4 37. Rg1 Rh4 38. Rg3 Be4 0-1

[Event "TCh-TUR 2011"]
[Site "Konya TUR"]
[Date "2011.07.09"]
[Round "13"]
[White "Dzagnidze, Nana"]
[Black "Guney, Gamze Nur"]
[Result "1-0"]
[WhiteTitle "GM"]
[WhiteElo "2557"]
[BlackElo "1731"]
[WhiteTeam "Adana Truva Satranc S.K."]
[BlackTeam "Gazi Universitesi S.K."]
[WhiteFideId "13601903"]
[BlackFideId "6338879"]
[EventDate "2011.06.28"]

1. d4 d5 2. Nf3 e6 3. c4 c6 4. Nc3 dxc4 5. e3 Nf6 6. Bxc4 Be7 7. O-O O-O 8. Qe2
a6 9. Rd1 b5 10. Bb3 Qc7 11. e4 Bb7 12. Bg5 Re8 13. Rac1 Qb6 14. e5 Nd5 15. Bxe7
Nxc3 16. Rxc3 Rxe7 17. Ng5 h6 18. Ne4 Nd7 19. Qg4 Qd8 20. Bc2 Rb8 21. Nf6+ Kh8
22. Rh3 Qf8 23. Qe4 g6 24. Qf4 Nxf6 25. exf6 1-0

[Event "TCh-TUR 2011"]
[Site "Konya TUR"]
[Date "2011.07.09"]
[Round "13"]
[White "Coban, Mete Sadik"]
[Black "Koksal, Ege"]
[Result "1-0"]
[WhiteElo "1922"]
[BlackElo "2004"]
[WhiteTeam "Adana Truva Satranc S.K."]
[BlackTeam "Gazi Universitesi S.K."]
[WhiteFideId "6309615"]
[BlackFideId "6317626"]
[EventDate "2011.06.28"]

1. e4 e5 2. Nf3 Nc6 3. Bb5 a6 4. Ba4 Nf6 5. O-O Be7 6. Re1 b5 7. Bb3 d6 8. c3
O-O 9. h3 Na5 10. Bc2 c5 11. d4 Qc7 12. Nbd2 cxd4 13. cxd4 Nc6 14. Nb3 a5 15.
Be3 a4 16. Nbd2 Bd7 17. Rc1 Qb7 18. Qe2 Rfe8 19. Bd3 Rab8 20. dxe5 Nxe5 21. Nxe5
dxe5 22. Bc5 Bc6 23. Nf3 Nd7 24. Bxe7 Rxe7 25. Rc3 Re6 26. Rec1 Rd6 27. Qc2 Rc8
28. b3 Re6 29. Ng5 Rg6 30. bxa4 bxa4 31. Bc4 Rxg5 32. Bd5 Qa7 33. Rxc6 Rxc6 34.
Bxc6 Nf8 35. Qxa4 Qc7 36. Rd1 h5 37. Bd5 Ng6 38. Qe8+ Kh7 39. Bxf7 Qc2 40. Bxg6+
Rxg6 41. Re1 Qc3 42. Re3 Qa1+ 43. Kh2 Qf1 44. Rg3 Rxg3 45. fxg3 Qe2 46. Qxe5
Qxa2 47. Qxh5+ Kg8 48. Qe8+ Kh7 49. e5 1-0

[Event "TCh-TUR 2011"]
[Site "Konya TUR"]
[Date "2011.07.09"]
[Round "13"]
[White "Yeke, Serkan"]
[Black "Erdogdu, Mert"]
[Result "1/2-1/2"]
[WhiteTitle "FM"]
[BlackTitle "IM"]
[WhiteElo "2293"]
[BlackElo "2434"]
[WhiteTeam "Gazi Universitesi S.K."]
[BlackTeam "Adana Truva Satranc S.K."]
[WhiteFideId "6301142"]
[BlackFideId "6301495"]
[EventDate "2011.06.28"]

1. Nf3 Nf6 2. c4 c5 3. d4 cxd4 4. Nxd4 g6 5. Nc3 Bg7 6. e4 d6 7. Be2 Nc6 8. Be3
O-O 9. O-O Bd7 10. Qd2 Nxd4 11. Bxd4 Bc6 12. Bd3 a5 13. Rae1 a4 1/2-1/2

[Event "TCh-TUR 2011"]
[Site "Konya TUR"]
[Date "2011.07.09"]
[Round "13"]
[White "Inarkiev, Ernesto"]
[Black "Arutinian, David"]
[Result "1-0"]
[WhiteTitle "GM"]
[BlackTitle "GM"]
[WhiteElo "2679"]
[BlackElo "2564"]
[WhiteTeam "Istanbul Teknik Universitesi S.K."]
[BlackTeam "Yesilkoy Spor Kulubu"]
[WhiteFideId "4162722"]
[BlackFideId "13601741"]
[EventDate "2011.06.28"]

1. e4 c6 2. d4 d5 3. e5 c5 4. Nf3 cxd4 5. Nxd4 e6 6. Nd2 Nc6 7. Nxc6 bxc6 8. Bd3
Ne7 9. Nf3 Ng6 10. h4 Ne7 11. h5 h6 12. O-O c5 13. c4 Bd7 14. Qe2 Bc6 15. b3 Qc7
16. Ba3 dxc4 17. bxc4 Nf5 18. Bxf5 exf5 19. e6 Bd6 20. Nh4 O-O 21. Nxf5 Rae8 22.
Bb2 Ra8 23. Ba3 Rae8 24. Bb2 Rxe6 25. Qg4 g6 26. Nxh6+ Kh7 27. Rae1 f5 28. Qg5
Qd7 29. Re3 Be4 30. Rh3 f4 31. hxg6+ Rxg6 1-0

[Event "TCh-TUR 2011"]
[Site "Konya TUR"]
[Date "2011.07.09"]
[Round "13"]
[White "Sanikidze, Tornike"]
[Black "Ipatov, Alexander ESP"]
[Result "1/2-1/2"]
[WhiteTitle "GM"]
[BlackTitle "IM"]
[WhiteElo "2524"]
[BlackElo "2536"]
[WhiteTeam "Yesilkoy Spor Kulubu"]
[BlackTeam "Istanbul Teknik Universitesi S.K."]
[WhiteFideId "13602608"]
[BlackFideId "14116731"]
[EventDate "2011.06.28"]

1. d4 d5 2. Nf3 e6 3. c4 Be7 4. Nc3 Nf6 5. Bg5 O-O 6. e3 h6 7. Bh4 Ne4 8. Bxe7
Qxe7 9. Rc1 c6 10. Qc2 Nxc3 11. Qxc3 Nd7 12. Bd3 dxc4 13. Bxc4 b6 1/2-1/2

[Event "TCh-TUR 2011"]
[Site "Konya TUR"]
[Date "2011.07.09"]
[Round "13"]
[White "Gulden, Egemen"]
[Black "Yilmaz, Mustafa"]
[Result "0-1"]
[BlackTitle "IM"]
[WhiteElo "1690"]
[BlackElo "2489"]
[WhiteTeam "Yesilkoy Spor Kulubu"]
[BlackTeam "Istanbul Teknik Universitesi S.K."]
[WhiteFideId "6324983"]
[BlackFideId "6302718"]
[EventDate "2011.06.28"]

1. e4 c6 2. d4 Na6 3. Be3 d6 4. g3 g6 5. Bg2 Bg7 6. Nf3 Nh6 7. h3 f5 8. e5 Nf7
9. exd6 exd6 10. c3 Nc7 11. O-O O-O 12. Nbd2 Nd5 13. Re1 Bd7 14. Nf1 Qf6 15. c4
Nxe3 16. Rxe3 Rae8 17. Qb3 Rxe3 18. Nxe3 Bc8 19. Rd1 h5 20. Nf1 Re8 21. a4 f4
22. a5 a6 23. c5 d5 24. Qc3 g5 25. Re1 Re6 26. Rxe6 Qxe6 27. gxf4 gxf4 28. Kh2
Qe2 29. Qd2 Qxd2 30. N1xd2 Bf5 31. b4 Kf8 32. Nb3 Ke7 33. Nc1 Nd8 34. Ne2 Ne6
35. Kg1 Bd3 36. Bf1 Bf6 37. Kg2 Be4 0-1

[Event "TCh-TUR 2011"]
[Site "Konya TUR"]
[Date "2011.07.09"]
[Round "13"]
[White "Alev, Gonulden Seda"]
[Black "Ozturk, Hilal"]
[Result "0-1"]
[WhiteElo "1605"]
[BlackElo "1765"]
[WhiteTeam "Yesilkoy Spor Kulubu"]
[BlackTeam "Istanbul Teknik Universitesi S.K."]
[WhiteFideId "6301428"]
[BlackFideId "6315330"]
[EventDate "2011.06.28"]

1. e4 e5 2. Nf3 Nc6 3. d4 exd4 4. Bc4 Nf6 5. O-O Bc5 6. e5 d5 7. exf6 dxc4 8.
Re1+ Be6 9. Ng5 Qd5 10. Nc3 Qf5 11. Nce4 O-O-O 12. Nxc5 Qxc5 13. Nxe6 fxe6 14.
fxg7 Rhg8 15. Qg4 Qf5 16. Qxf5 exf5 17. Bh6 Rd6 18. Bf4 Rg6 19. g3 R6xg7 20. a3
b5 21. Re6 Rg6 22. Rae1 Kb7 23. h4 a5 24. h5 Rxe6 25. Rxe6 d3 26. cxd3 cxd3 27.
Kf1 Rg7 28. Ke1 Nd4 29. Rf6 Nf3+ 30. Kd1 Re7 31. Be3 Re5 32. Rf7 h6 33. Rd7 d2
34. Bxd2 Kc6 35. Rd3 Nxd2 36. Kxd2 Rd5 37. f3 Rxd3+ 38. Kxd3 Kd5 39. Ke3 Ke5 40.
f4+ Kd5 41. Kf3 c5 42. g4 fxg4+ 43. Kxg4 Ke4 44. Kg3 a4 45. Kg4 b4 46. f5 Ke5 0-1

[Event "TCh-TUR 2011"]
[Site "Konya TUR"]
[Date "2011.07.09"]
[Round "13"]
[White "Ersoz, Bartu"]
[Black "Deviren, Erdi"]
[Result "1-0"]
[WhiteElo "1789"]
[BlackElo "1927"]
[WhiteTeam "Istanbul Teknik Universitesi S.K."]
[BlackTeam "Yesilkoy Spor Kulubu"]
[WhiteFideId "6324312"]
[BlackFideId "6319831"]
[EventDate "2011.06.28"]

1. e4 d5 2. exd5 Nf6 3. d4 Bg4 4. Be2 Bxe2 5. Nxe2 Qxd5 6. O-O e6 7. c3 Be7 8.
Nd2 c5 9. Nf3 Nc6 10. h3 O-O 11. Be3 cxd4 12. Nexd4 Rfd8 13. Qe2 Nxd4 14. Bxd4
a6 15. Rfd1 Qh5 16. Rd2 Nd5 17. Rad1 b5 18. Be5 Rac8 19. a4 bxa4 20. Qxa6 Ra8
21. Qb7 Bg5 22. Rd4 f6 23. Bc7 Rdc8 24. Rxa4 Nxc7 25. Rxa8 Rxa8 26. Qxc7 e5 27.
Rd8+ Rxd8 28. Qxd8+ Kf7 29. Qd7+ Kf8 30. b4 Bf4 31. Qd6+ Kf7 32. Qd5+ Kf8 33. g3
Qg6 34. b5 Bxg3 35. fxg3 e4 36. Qd8+ Kf7 37. Qd7+ Kf8 38. Qg4 Qe8 39. Nd4 e3 40.
Qe6 Qa8 41. Qd6+ Kg8 42. Qa6 Qe4 43. Qe6+ 1-0

[Event "TCh-TUR 2011"]
[Site "Konya TUR"]
[Date "2011.07.09"]
[Round "13"]
[White "Galkin, Alexander"]
[Black "Karakehajov, Kalin"]
[Result "1/2-1/2"]
[WhiteTitle "GM"]
[BlackTitle "IM"]
[WhiteElo "2598"]
[BlackElo "2493"]
[WhiteTeam "Celikkol Turizm Pamukkale Universitesi S.K."]
[BlackTeam "Bursa Tophane Meslek Lisesi S.K."]
[WhiteFideId "4120426"]
[BlackFideId "2906430"]
[EventDate "2011.06.28"]

1. Nf3 d5 2. d4 e6 3. c4 c6 4. e3 Nf6 5. Bd3 Nbd7 6. O-O Be7 7. Nc3 O-O 8. b3 b6
9. Bb2 Bb7 10. Rc1 Qc7 11. Qc2 Rad8 12. Rfd1 Qb8 13. h3 h6 14. Qe2 Rfe8 15. Bb1
c5 16. cxd5 Nxd5 17. Nxd5 Bxd5 18. Qc2 Nf8 19. e4 Bb7 20. dxc5 Rxd1+ 21. Rxd1
Rc8 22. Be5 Qa8 23. Qb2 f6 24. Bd6 Bxd6 25. cxd6 Bxe4 26. Bxe4 Qxe4 27. Rd4 Rc2
28. Rxe4 Rxb2 29. Rd4 Nd7 30. Rc4 Rb1+ 31. Kh2 Rd1 32. Nd4 Kh7 33. f4 f5 34. Kg3
Kg6 35. Kf2 e5 36. Nf3 1/2-1/2

[Event "TCh-TUR 2011"]
[Site "Konya TUR"]
[Date "2011.07.09"]
[Round "13"]
[White "Korkmaz, Necmettin"]
[Black "Odeev, Handszar"]
[Result "0-1"]
[BlackTitle "GM"]
[WhiteElo "2189"]
[BlackElo "2405"]
[WhiteTeam "Bursa Tophane Meslek Lisesi S.K."]
[BlackTeam "Celikkol Turizm Pamukkale Universitesi S.K."]
[WhiteFideId "6303285"]
[BlackFideId "14000091"]
[EventDate "2011.06.28"]

1. e4 c5 2. Nf3 d6 3. d4 cxd4 4. Nxd4 Nf6 5. Nc3 a6 6. h3 e6 7. g4 Be7 8. Be3 d5
9. g5 Nxe4 10. Nxe4 dxe4 11. Qh5 Qa5+ 12. c3 O-O 13. Qg4 e5 14. Nf5 Bc5 15. Bc4
Bxe3 16. fxe3 Qc5 17. Nh6+ gxh6 18. Qxe4 Qc6 19. Bd5 Qg6 20. Qxe5 Nd7 21. Qd4
hxg5 22. Rg1 Nf6 23. O-O-O Bxh3 24. Bxb7 Rad8 25. Qxd8 Rxd8 26. Rxd8+ Kg7 27.
Bxa6 Nd7 28. Bc8 Qb6 29. Rxg5+ Kf6 30. Rdg8 Qxe3+ 31. Kc2 Qe2+ 32. Kb3 Be6+ 33.
Ka3 Qc4 34. b3 Qxc3 35. Rg1 Qa5+ 36. Kb2 Qd2+ 37. Ka3 h5 38. Bxd7 Qxd7 39. Rf1+
Ke7 40. Rg5 Qd6+ 0-1